[Event "Cambridge op 2nd"]
[Site "Cambridge"]
[Date "2024.02.23"]
[Round "8"]
[White "Blauhut, Anna"]
[Black "De Coverly, Roger D"]
[Result "1/2-1/2"]
[WhiteElo "1532"]
[BlackElo "1852"]
[PlyCount "101"]
[EventDate "2024.02.19"]
[EventType "swiss"]
[EventRounds "9"]
[EventCountry "ENG"]
[SourceTitle "CB09_2024"]
[SourceDate "2024.02.28"]
[SourceVersion "1"]
[SourceVersionDate "2024.02.28"]
[SourceQuality "1"]

1. e4 e5 2. Nf3 Nc6 3. Bc4 Nf6 4. d3 Be7 5. 0-0 0-0 6. c3 d6 7. a4 Kh8 8. h3 Ng8 9. b4 f5 10. exf5 Bxf5 11. Be3 Nf6 12. Qe2 Qd7 13. Nbd2 d5 14. Bb5 Bd6 15. Nb3 a6 16. Nc5 Qf7 17. Bxc6 bxc6 18. a5 Nd7 19. Rfe1 h6 20. Nxd7 Bxd7 21. Qd2 Qg6 22. Qe2 Bxh3 23. Nh4 Qf6 24. Qh5 Bf5 25. Nxf5 Qxf5 26. Qxf5 Rxf5 27. f3 Raf8 28. Re2 Kh7 29. Rae1 R8f7 30. Bf2 d4 31. cxd4 exd4 32. Rc1 c5 33. bxc5 Rxc5 34. Rxc5 Bxc5 35. Re5 Bd6 36. Rd5 Kg6 37. Bxd4 h5 38. Bc5 Rf5 39. Rxf5 Kxf5 40. Bxd6 cxd6 41. Kf2 h4 42. Ke3 Ke5 43. f4+ Kf5 44. Kf3 d5 45. g3 hxg3 46. Kxg3 g5 47. fxg5 Kxg5 48. Kf3 Kf5 49. Ke3 Ke5 50. d4+ Kf5 51. Kf3 1/2-1/2

[Event "Cambridge op 2nd"]
[Site "Cambridge"]
[Date "2024.02.21"]
[Round "4"]
[White "Ismail, Mohammed Aayan"]
[Black "De Coverly, Roger D"]
[Result "1-0"]
[WhiteElo "2111"]
[BlackElo "1852"]
[PlyCount "89"]
[EventDate "2024.02.19"]
[EventType "swiss"]
[EventRounds "9"]
[EventCountry "ENG"]
[SourceTitle "CB09_2024"]
[SourceDate "2024.02.28"]
[SourceVersion "1"]
[SourceVersionDate "2024.02.28"]
[SourceQuality "1"]

1. c4 Nf6 2. Nf3 g6 3. b3 Bg7 4. Bb2 d6 5. d4 0-0 6. e3 Nbd7 7. Be2 e5 8. dxe5 Ng4 9. 0-0 Ngxe5 10. Nc3 Nxf3+ 11. Bxf3 Ne5 12. Be2 Bd7 13. Qd2 Bc6 14. Nd5 Bxd5 15. cxd5 f5 16. Rfc1 Rf7 17. Rc2 Nd7 18. Bxg7 Rxg7 19. Rac1 Nc5 20. b4 Ne4 21. Qd4 a5 22. a3 b6 23. f3 Nf6 24. e4 fxe4 25. fxe4 axb4 26. axb4 Ra7 27. Rf1 Nd7 28. Bg4 Ne5 29. Be6+ Kh8 30. Rcf2 Ra8 31. Qe3 Qe7 32. h3 c5 33. bxc5 bxc5 34. Qf4 Rgg8 35. Bxg8 Kxg8 36. Qh6 Qg7 37. Qh4 g5 38. Qg3 h6 39. Rf6 Rd8 40. h4 g4 41. Re6 c4 42. Rff6 Qa7+ 43. Kh2 Qa2 44. Rxe5 dxe5 45. Qxg4+ 1-0

[Event "Cambridge op 2nd"]
[Site "Cambridge"]
[Date "2024.02.19"]
[Round "2"]
[White "Bay Petersen, Ole"]
[Black "De Coverly, Roger D"]
[Result "0-1"]
[WhiteElo "1672"]
[BlackElo "1852"]
[PlyCount "60"]
[EventDate "2024.02.19"]
[EventType "swiss"]
[EventRounds "9"]
[EventCountry "ENG"]
[SourceTitle "CB09_2024"]
[SourceDate "2024.02.28"]
[SourceVersion "1"]
[SourceVersionDate "2024.02.28"]
[SourceQuality "1"]

1. d4 Nf6 2. Nf3 g6 3. c4 Bg7 4. Nc3 0-0 5. e4 d6 6. Be2 e5 7. h3 exd4 8. Nxd4 Re8 9. Bf3 Nc6 10. 0-0 Nxd4 11. Qxd4 Nxe4 12. Qd3 Nxc3 13. bxc3 Bf5 14. Qd2 Be4 15. Bg4 Qf6 16. Bb2 Re7 17. Rae1 Rae8 18. Qd4 Qxd4 19. cxd4 Bd3 20. Rxe7 Rxe7 21. Rc1 h5 22. Bf3 c5 23. Rc3 Bb1 24. Bd5 Bxd4 25. Rc1 Bxa2 26. Bxd4 cxd4 27. Rd1 a5 28. Rxd4 a4 29. Rd3 Bb3 30. Kh2 Rc7 0-1

[Event "BCF-chT3E 2224 (4NCL)"]
[Site "England"]
[Date "2024.01.13"]
[Round "3.66"]
[White "Alcock, Graham P"]
[Black "De Coverly, Roger D"]
[Result "0-1"]
[WhiteElo "1809"]
[BlackElo "1982"]
[PlyCount "140"]
[EventDate "2023.11.11"]
[EventType "team-tourn"]
[EventRounds "11"]
[EventCountry "ENG"]
[SourceTitle "CB11_2024"]
[SourceDate "2024.03.13"]
[SourceVersion "1"]
[SourceVersionDate "2024.03.13"]
[SourceQuality "1"]
[WhiteTeam "Surbiton"]
[BlackTeam "Wessex"]
[WhiteTeamCountry "ENG"]
[BlackTeamCountry "ENG"]

1. e4 e5 2. Nf3 Nc6 3. c3 Be7 4. d4 d6 5. d5 Nb8 6. h3 Nf6 7. Bd3 a5 8. c4 Na6 9. Be3 0-0 10. Nbd2 Nd7 11. Rc1 Ndc5 12. Bb1 g6 13. Nb3 Nxb3 14. Qxb3 b6 15. 0-0 f5 16. exf5 gxf5 17. Bd2 Bf6 18. Qe3 Qe7 19. Rfe1 Qg7 20. Qh6 e4 21. Nh2 Bxb2 22. Rcd1 Qxh6 23. Bxh6 Rf6 24. Bf4 Bd7 25. Re2 Ba3 26. Bd2 Re8 27. Bc3 Rg6 28. Nf1 Bb4 29. Bb2 b5 30. Rc2 bxc4 31. Rxc4 Bb5 32. Rcc1 Bc5 33. Bd4 Be2 34. Rd2 Bf3 35. Ng3 Bxg2 36. Kxg2 f4 37. Bxc5 Nxc5 38. Rc3 fxg3 39. fxg3 Rg5 40. Re3 Rge5 41. Bc2 Kf8 42. Rd4 R8e7 43. Kf2 Ke8 44. Ke2 Kd7 45. Kf2 c6 46. dxc6+ Kxc6 47. Ba4+ Kc7 48. Bc2 d5 49. Ke2 Kd6 50. Ra3 Ra7 51. Re3 Rb7 52. Rd2 Rb4 53. Ra3 a4 54. Ke3 Rf5 55. Ke2 d4 56. Rd1 d3+ 57. Ke1 Rd5 58. Bb1 Rbd4 59. Rc3 e3 60. a3 Ke5 61. Ba2 Nb3 62. Bxb3 axb3 63. Rxb3 Ke4 64. Rb7 Rf5 65. Re7+ Kf3 66. g4 Rfd5 67. Rf7+ Rf4 68. Re7 Rdd4 69. a4 d2+ 70. Kf1 Rde4 0-1

[Event "Hull 4NCL op-B"]
[Site "Hull"]
[Date "2023.09.10"]
[Round "5"]
[White "De Coverly, Roger D"]
[Black "Donahue, Randolph"]
[Result "1-0"]
[WhiteElo "1886"]
[BlackElo "1712"]
[PlyCount "67"]
[EventDate "2023.09.08"]
[EventType "swiss"]
[EventRounds "5"]
[EventCountry "ENG"]
[SourceTitle "EXT 2024"]
[Source "ChessBase"]
[SourceDate "2023.10.10"]
[SourceVersion "1"]
[SourceVersionDate "2023.10.10"]
[SourceQuality "1"]

1. Nf3 Nf6 2. g3 b5 3. Na3 a6 4. c4 b4 5. Nc2 e6 6. Bg2 Bb7 7. 0-0 a5 8. d4 c5 9. d5 exd5 10. Nh4 g6 11. cxd5 d6 12. e4 Nbd7 13. f4 Bg7 14. Be3 0-0 15. e5 Ne8 16. e6 Nb6 17. f5 g5 18. f6 Bxf6 19. Nf5 Nc4 20. exf7+ Kh8 21. fxe8Q Qxe8 22. Qg4 Nxe3 23. Ncxe3 Bd4 24. Rae1 Bc8 25. Qxg5 Qe5 26. Kh1 Bxb2 27. Nc4 Qf6 28. Qxf6+ Bxf6 29. Nfxd6 Ba6 30. Rf4 a4 31. Nb6 Rad8 32. Ne4 Bg7 33. Rxf8+ Rxf8 34. Nxc5 1-0

[Event "Hull 4NCL op-B"]
[Site "Hull"]
[Date "2023.09.08"]
[Round "1"]
[White "Georgiou, Denis"]
[Black "De Coverly, Roger D"]
[Result "0-1"]
[WhiteElo "1825"]
[BlackElo "1886"]
[PlyCount "98"]
[EventDate "2023.09.08"]
[EventType "swiss"]
[EventRounds "5"]
[EventCountry "ENG"]
[SourceTitle "EXT 2024"]
[Source "ChessBase"]
[SourceDate "2023.10.10"]
[SourceVersion "1"]
[SourceVersionDate "2023.10.10"]
[SourceQuality "1"]

1. e4 c5 2. Nf3 a6 3. c4 e6 4. Nc3 Qc7 5. d4 cxd4 6. Nxd4 Nf6 7. Bd3 b6 8. Qe2 d6 9. 0-0 Be7 10. f4 Nbd7 11. Kh1 Bb7 12. Bd2 0-0 13. b3 Rfe8 14. Rae1 e5 15. Nf5 Bf8 16. Ne3 exf4 17. Rxf4 Ne5 18. Qf1 Nxd3 19. Qxd3 b5 20. Ncd5 Bxd5 21. Nxd5 Nxd5 22. cxd5 g6 23. Rc1 Qd7 24. Bc3 Bh6 25. Qd4 Re5 26. Qf2 Bxf4 27. Qxf4 Rae8 28. Bxe5 Rxe5 29. Rc6 f5 30. h3 fxe4 31. Rxa6 e3 32. Ra8+ Re8 33. Rxe8+ Qxe8 34. Qf1 Qe5 35. Qe2 b4 36. Kg1 Kg7 37. Kf1 Qa1+ 38. Qe1 Qd4 39. Ke2 Kf6 40. Qc1 Ke5 41. Qxe3+ Qxe3+ 42. Kxe3 Kxd5 43. Kd3 g5 44. g3 h5 45. h4 g4 46. Ke3 Ke5 47. Kd3 d5 48. a4 bxa3 49. Kc3 d4+ 0-1

[Event "Berkshire Berks & Bucks op-A"]
[Site "Berkshire"]
[Date "2023.08.26"]
[Round "2"]
[White "De Coverly, Roger D"]
[Black "Sommerbauer Cornell, Ben"]
[Result "0-1"]
[WhiteElo "1917"]
[BlackElo "1849"]
[PlyCount "146"]
[EventDate "2023.08.26"]
[EventType "swiss"]
[EventRounds "6"]
[EventCountry "ENG"]
[SourceTitle "EXT 2024"]
[Source "ChessBase"]
[SourceDate "2023.10.10"]
[SourceVersion "1"]
[SourceVersionDate "2023.10.10"]
[SourceQuality "1"]

1. Nf3 Nf6 2. g3 g6 3. Bg2 Bg7 4. d4 0-0 5. 0-0 d5 6. c4 c6 7. b3 Ne4 8. Bb2 Nd7 9. Nbd2 Ndf6 10. Nxe4 Nxe4 11. Nd2 Nf6 12. f3 Qb6 13. Kh1 h5 14. c5 Qc7 15. e4 dxe4 16. fxe4 Bg4 17. Qe1 Rad8 18. Nc4 Qc8 19. Ne5 Bh3 20. Qe2 Bxg2+ 21. Qxg2 Ng4 22. Nxg4 Qxg4 23. Rf4 Qe6 24. Rd1 Bh6 25. Rff1 Rd7 26. d5 cxd5 27. exd5 Qa6 28. a3 Qb5 29. b4 a5 30. Qe4 Bg7 31. Bxg7 Kxg7 32. Rf2 e6 33. d6 Rc8 34. Rc2 axb4 35. axb4 Rc6 36. Qd4+ Kh7 37. Ra2 Rc8 38. Ra5 Qe2 39. Qd3 Qg4 40. Rf1 Qxb4 41. Rb5 Qa4 42. Rfb1 Qa6 43. Qf3 Rc6 44. h3 Qa8 45. Kh2 Qc8 46. Qa3 Rdxd6 47. Rxb7 Rd2+ 48. Kg1 Qf8 49. Rc1 Qg7 50. Qf3 Qd4+ 51. Kf1 Qd3+ 52. Qxd3 Rxd3 53. Rxf7+ Kg8 54. Rb7 Rxg3 55. Ra1 Rf3+ 56. Kg2 Rf7 57. Rb8+ Kg7 58. Ra5 Rfc7 59. Rbb5 Kf6 60. Kf3 Kf5 61. Ke3 g5 62. Kd4 Rd7+ 63. Kc4 Rd5 64. Ra1 g4 65. hxg4+ hxg4 66. Rf1+ Kg5 67. Re1 Rf5 68. Kd4 g3 69. Rb3 Kh4 70. Rg1 Rg5 71. Re3 Kh3 72. Re2 g2 73. Re3+ Kh2 0-1

[Event "Berkshire Berks & Bucks op-A"]
[Site "Berkshire"]
[Date "2023.08.26"]
[Round "1"]
[White "Seymour, Timothy P"]
[Black "De Coverly, Roger D"]
[Result "1-0"]
[WhiteElo "2134"]
[BlackElo "1917"]
[PlyCount "77"]
[EventDate "2023.08.26"]
[EventType "swiss"]
[EventRounds "6"]
[EventCountry "ENG"]
[SourceTitle "EXT 2024"]
[Source "ChessBase"]
[SourceDate "2023.10.10"]
[SourceVersion "1"]
[SourceVersionDate "2023.10.10"]
[SourceQuality "1"]

1. Nf3 Nf6 2. e3 g6 3. b3 Bg7 4. Bb2 d6 5. d4 0-0 6. Be2 e5 7. dxe5 Ng4 8. 0-0 Nxe5 9. Qc1 Nbc6 10. c4 Bf5 11. Qd2 a5 12. Nc3 Nb4 13. e4 Nxf3+ 14. Bxf3 Be6 15. Rad1 Qh4 16. g3 Qh3 17. Ne2 Qh6 18. Nf4 Bxb2 19. Qxb2 Qg7 20. Qd2 Nc6 21. Bg2 a4 22. Nd5 Bxd5 23. cxd5 Ne5 24. f4 Nd7 25. b4 a3 26. Rc1 Rfc8 27. Bh3 f6 28. Qd4 b6 29. Rc6 Ra7 30. Rfc1 Qe7 31. Be6+ Kg7 32. Kf2 Qd8 33. g4 h6 34. h4 Kh7 35. h5 gxh5 36. gxh5 Rb8 37. Bf5+ Kg7 38. Rg1+ Kf7 39. Be6+ 1-0

[Event "ENG-ch Chessable"]
[Site "Kenilworth"]
[Date "2023.05.26"]
[Round "1"]
[White "Badacsonyi, Frankie"]
[Black "De Coverly, Roger D"]
[Result "0-1"]
[WhiteElo "1974"]
[BlackElo "1945"]
[PlyCount "114"]
[EventDate "2023.05.26"]
[EventType "swiss"]
[EventRounds "7"]
[EventCountry "ENG"]
[SourceTitle "CBM 214 Extra"]
[Source "ChessBase"]
[SourceDate "2023.07.31"]
[SourceVersion "1"]
[SourceVersionDate "2023.07.31"]
[SourceQuality "1"]

1. d4 Nf6 2. c4 g6 3. Nc3 Bg7 4. e4 d6 5. h3 0-0 6. Be3 e5 7. d5 a5 8. g4 Na6 9. Nge2 Nc5 10. Ng3 c6 11. Qd2 cxd5 12. cxd5 a4 13. f3 Qa5 14. h4 Bd7 15. h5 a3 16. b3 Rfc8 17. Nd1 Qxd2+ 18. Kxd2 Ne8 19. hxg6 hxg6 20. Nf2 b6 21. Be2 Nc7 22. Rhc1 Nb5 23. Bxb5 Bxb5 24. Rc3 Bd7 25. Rac1 f5 26. gxf5 gxf5 27. Nh5 Bh8 28. Rg1+ Kf7 29. Bxc5 bxc5 30. exf5 Bxf5 31. Ne4 Ke7 32. Nhg3 Bg6 33. Nf1 Rg8 34. Ne3 Bf6 35. Nxf6 Kxf6 36. Rc4 Bh5 37. Rf1 Rge8 38. Rh4 Bg6 39. Rg1 Rh8 40. Rgh1 Rxh4 41. Rxh4 Bb1 42. Rh6+ Kg5 43. Rxd6 Bxa2 44. Nc2 Bxb3 45. Na1 c4 46. Kc3 Ra5 47. Rd8 Kf6 48. Rd6+ Kf5 49. Rd8 Ra6 50. Rf8+ Kg6 51. Rg8+ Kf7 52. Rg2 a2 53. Rg1 Ra5 54. d6 Ke6 55. Rg6+ Kd7 56. Rh6 Rd5 57. Rh1 Rd3+ 0-1

[Event "BCF-chT4 2223 (4NCL)"]
[Site "England"]
[Date "2023.04.30"]
[Round "10.33"]
[White "De Coverly, Roger D"]
[Black "Hughes, Anthony"]
[Result "1-0"]
[WhiteElo "1945"]
[BlackElo "1939"]
[PlyCount "153"]
[EventDate "2022.11.05"]
[EventType "team-swiss"]
[EventRounds "11"]
[EventCountry "ENG"]
[SourceTitle "EXT 2024"]
[Source "ChessBase"]
[SourceDate "2023.10.10"]
[SourceVersion "1"]
[SourceVersionDate "2023.10.10"]
[SourceQuality "1"]
[WhiteTeam "Wessex Some Stars"]
[BlackTeam "The Full Ponty"]
[WhiteTeamCountry "ENG"]
[BlackTeamCountry "ENG"]

1. Nf3 d5 2. g3 c5 3. Bg2 Nf6 4. 0-0 e6 5. d3 Be7 6. Nbd2 0-0 7. e4 Nc6 8. Re1 dxe4 9. dxe4 e5 10. c3 Bg4 11. h3 Bh5 12. Qc2 Qc7 13. Nf1 Rfd8 14. Bg5 Ne8 15. g4 Bxg5 16. Nxg5 Bg6 17. Ne3 Qe7 18. Nf3 Nc7 19. Nf5 Qe6 20. b3 b5 21. Rad1 f6 22. Bf1 a6 23. Rxd8+ Rxd8 24. Rd1 Be8 25. Rxd8 Nxd8 26. Qd2 Qd7 27. Qxd7 Bxd7 28. Ne7+ Kf7 29. Nd5 Nde6 30. Nd2 Bc6 31. Bg2 Ne8 32. Bf3 Nd6 33. Kh2 Nc8 34. Kg3 Ne7 35. Nf1 Ng6 36. Nfe3 Nef4 37. Nc7 Bb7 38. Nf5 Bc6 39. Nxa6 Nd3 40. Bd1 Ngf4 41. a4 bxa4 42. bxa4 g6 43. Ne3 Bxe4 44. a5 Ke7 45. f3 Bb7 46. Nb8 Kd6 47. a6 Kc7 48. a7 Kb6 49. Nd7+ Kxa7 50. Nxf6 h5 51. c4 Ba6 52. gxh5 gxh5 53. Ba4 Kb6 54. Be8 Ne2+ 55. Kh4 Nd4 56. Bxh5 Nf4 57. Bg4 Kc6 58. Kg3 Kd6 59. Ne4+ Kc6 60. h4 Nde2+ 61. Kf2 Nc1 62. h5 Ncd3+ 63. Kg3 Nb2 64. Nd2 Kd6 65. h6 Ng6 66. Bf5 Nh8 67. Kg4 Ke7 68. Kg5 Kf7 69. Be4 Kg8 70. Kf6 Kf8 71. Bd5 Nd3 72. Ne4 Nf4 73. Nxc5 Nxd5+ 74. cxd5 Be2 75. d6 Nf7 76. d7 Bxf3 77. h7 1-0

[Event "Witney op-A 9th"]
[Site "Witney"]
[Date "2022.11.05"]
[Round "1"]
[White "De Coverly, Roger D"]
[Black "Small, Edward P"]
[Result "1-0"]
[WhiteElo "1936"]
[BlackElo "1879"]
[PlyCount "61"]
[EventDate "2022.11.05"]
[EventType "swiss"]
[EventRounds "5"]
[EventCountry "ENG"]
[SourceTitle "CBM 211 Extra"]
[Source "ChessBase"]
[SourceDate "2023.01.31"]
[SourceVersion "1"]
[SourceVersionDate "2023.01.31"]
[SourceQuality "1"]

1. d4 d5 2. c4 c6 3. Nf3 Nf6 4. Nc3 e6 5. Bg5 Be7 6. e3 Nbd7 7. cxd5 exd5 8. Bd3 0-0 9. Qc2 h6 10. Bh4 Re8 11. 0-0 Nf8 12. Rab1 a5 13. a3 Ne4 14. Bxe7 Qxe7 15. b4 Bf5 16. Bxe4 Bxe4 17. Nxe4 dxe4 18. Ne5 axb4 19. axb4 Nd7 20. Nxd7 Qxd7 21. Qc5 Qd5 22. Qb6 Qd6 23. b5 Rab8 24. Rbc1 Qb4 25. Rb1 Qa4 26. h3 cxb5 27. Qxb5 Qxb5 28. Rxb5 Re6 29. Rfb1 b6 30. R1b4 f5 31. Rxf5 1-0

[Event "Berks & Bucks op"]
[Site "Maidenhead"]
[Date "2022.08.29"]
[Round "5"]
[White "De Coverly, Roger D"]
[Black "Hurtado, Philip"]
[Result "1-0"]
[WhiteElo "1918"]
[BlackElo "1866"]
[PlyCount "49"]
[EventDate "2022.08.27"]
[EventType "swiss"]
[EventRounds "6"]
[EventCountry "ENG"]
[SourceTitle "CBM 210 Extra"]
[Source "ChessBase"]
[SourceDate "2022.11.30"]
[SourceVersion "1"]
[SourceVersionDate "2022.11.30"]
[SourceQuality "1"]

1. d4 Nf6 2. c4 e6 3. Nc3 Bb4 4. e3 b6 5. Nf3 Bb7 6. Bd3 Ne4 7. Qc2 f5 8. 0-0 Nxc3 9. bxc3 Be7 10. e4 0-0 11. exf5 Bd6 12. Be4 Nc6 13. fxe6 Rxf3 14. Bxf3 Nxd4 15. cxd4 Bxf3 16. gxf3 Qh4 17. Rd1 Re8 18. d5 dxe6 19. Qe4 Qxh2+ 20. Kf1 Re7 21. Be3 h5 22. Ke2 exd5 23. Qxd5+ Kf8 24. Rh1 Qf4 25. Rxh5 1-0

[Event "South Wales op 17th"]
[Site "Bridgend"]
[Date "2022.07.11"]
[Round "8"]
[White "De Coverly, Roger D"]
[Black "Blackburn, Jonathan LB"]
[Result "1/2-1/2"]
[WhiteElo "1914"]
[BlackElo "2176"]
[PlyCount "94"]
[EventDate "2022.07.07"]
[EventType "swiss"]
[EventRounds "9"]
[EventCountry "WLS"]
[SourceTitle "CBM 209 Extra"]
[Source "ChessBase"]
[SourceDate "2022.09.30"]
[SourceVersion "1"]
[SourceVersionDate "2022.09.30"]
[SourceQuality "1"]

1. e4 e6 2. d3 c5 3. Nf3 Nc6 4. g3 g6 5. Bg2 Bg7 6. 0-0 Nge7 7. c3 e5 8. a4 0-0 9. Na3 d6 10. Re1 b6 11. Rb1 Rb8 12. b4 cxb4 13. cxb4 Bg4 14. h3 Bxf3 15. Bxf3 Nd4 16. Bg2 b5 17. Nxb5 Nxb5 18. axb5 Rxb5 19. Bg5 Re8 20. Qa4 Qb8 21. Rec1 Bf8 22. Be3 a5 23. Bd2 Rd8 24. Bf1 axb4 25. Rxb4 Rxb4 26. Qxb4 Qxb4 27. Bxb4 Rc8 28. Rxc8 Nxc8 29. Bg2 f6 30. Kf1 Na7 31. h4 Kf7 32. Bh3 Ke7 33. Ke2 Bh6 34. Ba5 Bc1 35. Bb6 Nb5 36. Bc8 Nc3+ 37. Kf3 Ba3 38. Ba6 d5 39. exd5 Nxd5 40. Ba5 f5 41. Bc4 Nf6 42. Bd2 Ng4 43. Bg5+ Kf8 44. Ke2 h6 45. Bd8 Kg7 46. f3 Nf6 47. Bxf6+ Kxf6 1/2-1/2

[Event "South Wales op 17th"]
[Site "Bridgend"]
[Date "2022.07.07"]
[Round "2"]
[White "De Coverly, Roger D"]
[Black "Fowler, Hugo"]
[Result "1/2-1/2"]
[WhiteElo "1914"]
[BlackElo "1873"]
[PlyCount "82"]
[EventDate "2022.07.07"]
[EventType "swiss"]
[EventRounds "9"]
[EventCountry "WLS"]
[SourceTitle "CBM 209 Extra"]
[Source "ChessBase"]
[SourceDate "2022.09.30"]
[SourceVersion "1"]
[SourceVersionDate "2022.09.30"]
[SourceQuality "1"]

1. d4 Nf6 2. c4 g6 3. Nc3 d5 4. cxd5 Nxd5 5. e4 Nxc3 6. bxc3 Bg7 7. Bc4 0-0 8. Ne2 c5 9. 0-0 Nc6 10. Be3 e6 11. Rc1 cxd4 12. cxd4 Na5 13. Bd3 b6 14. Qd2 Bb7 15. Bh6 Qd7 16. h4 Rfc8 17. Bxg7 Kxg7 18. h5 Qd8 19. Qf4 Kg8 20. h6 Nc6 21. e5 Nb4 22. Bc4 Bd5 23. Bxd5 Nxd5 24. Qd2 Qe7 25. Nc3 Qb4 26. a3 Qa5 27. Ne4 Qxd2 28. Rxc8+ Rxc8 29. Nxd2 Nf4 30. Nf3 Rc3 31. Kh2 Nd5 32. a4 Ne7 33. a5 Nf5 34. axb6 axb6 35. Rb1 Rc6 36. Ra1 Nxh6 37. Ra8+ Kg7 38. Ra7 Rc2 39. Ng5 Kg8 40. Ra8+ Kg7 41. Ra7 Kg8 1/2-1/2

[Event "London Mill Hill op U2200"]
[Site "London"]
[Date "2021.11.27"]
[Round "2"]
[White "De Coverly, Roger D"]
[Black "Liu, Tianyi"]
[Result "1/2-1/2"]
[WhiteElo "1850"]
[BlackElo "1522"]
[PlyCount "75"]
[EventDate "2021.11.27"]
[EventType "swiss"]
[EventRounds "5"]
[EventCountry "ENG"]
[SourceTitle "EXT 2023"]
[Source "ChessBase"]
[SourceDate "2022.10.05"]
[SourceVersion "1"]
[SourceVersionDate "2022.10.05"]
[SourceQuality "1"]

1. d4 Nf6 2. c4 g6 3. Nc3 d5 4. cxd5 Nxd5 5. e4 Nxc3 6. bxc3 Bg7 7. Bc4 c5 8. Ne2 Nc6 9. Be3 0-0 10. 0-0 Bg4 11. f3 Na5 12. Bxf7+ Rxf7 13. fxg4 Rxf1+ 14. Kxf1 cxd4 15. cxd4 Qd6 16. Kg1 Qe6 17. Ng3 Rd8 18. Qa4 Nc4 19. Bf2 a6 20. Re1 b5 21. Qd1 Qd6 22. d5 Be5 23. Qe2 Rc8 24. Nf1 Rf8 25. Bg3 Bd4+ 26. Kh1 Qc5 27. Rd1 Bf2 28. e5 Bxg3 29. hxg3 Re8 30. g5 e6 31. dxe6 Rxe6 32. Rd8+ Kg7 33. Qg4 Qxe5 34. Qh4 Re8 35. Qh6+ Kg8 36. Rd7 Re7 37. Rd8+ Re8 38. Rd7 1/2-1/2

[Event "ENG-ch Seniors 65"]
[Site "Milton Keynes"]
[Date "2021.10.10"]
[Round "7"]
[White "Stimpson, Philip M"]
[Black "De Coverly, Roger D"]
[Result "1-0"]
[WhiteElo "1949"]
[BlackElo "1863"]
[PlyCount "77"]
[EventDate "2021.10.04"]
[EventType "swiss"]
[EventRounds "7"]
[EventCountry "ENG"]
[SourceTitle "EXT 2023"]
[Source "ChessBase"]
[SourceDate "2022.10.05"]
[SourceVersion "1"]
[SourceVersionDate "2022.10.05"]
[SourceQuality "1"]

1. e4 e5 2. Nf3 Nc6 3. d4 exd4 4. Bc4 Nf6 5. e5 d5 6. Bb5 Ne4 7. Nxd4 Bd7 8. Bxc6 bxc6 9. 0-0 Bc5 10. f3 Ng5 11. f4 Ne4 12. Be3 Bb6 13. Nc3 Nxc3 14. bxc3 0-0 15. Qd2 Qe7 16. Rae1 c5 17. Nb3 Rad8 18. f5 Bb5 19. Bg5 Qd7 20. Bf6 gxf6 21. exf6 Kh8 22. Qh6 Rg8 23. Rf3 Rg4 24. Re7 Re8 25. h3 Rgg8 26. Rf4 Rg3 27. Rg4 Rxg4 28. hxg4 Rg8 29. Rxd7 Bxd7 30. Qf4 Re8 31. Qh6 Rg8 32. Qh5 Rf8 33. Nd2 c4+ 34. Kf1 Ba4 35. Nf3 Be3 36. Ne5 Be8 37. g5 Bf4 38. g6 fxg6 39. fxg6 1-0

[Event "ENG-ch Seniors 65"]
[Site "Milton Keynes"]
[Date "2021.10.06"]
[Round "3"]
[White "De Coverly, Roger D"]
[Black "Myall, Ivan J"]
[Result "1-0"]
[WhiteElo "1863"]
[BlackElo "2011"]
[PlyCount "115"]
[EventDate "2021.10.04"]
[EventType "swiss"]
[EventRounds "7"]
[EventCountry "ENG"]
[SourceTitle "EXT 2023"]
[Source "ChessBase"]
[SourceDate "2022.10.05"]
[SourceVersion "1"]
[SourceVersionDate "2022.10.05"]
[SourceQuality "1"]

1. d4 d5 2. c4 c6 3. Nf3 e6 4. Nc3 dxc4 5. a4 Bb4 6. g3 Nf6 7. Bg2 Nbd7 8. 0-0 0-0 9. Qc2 a5 10. Rd1 Qe7 11. Na2 Bd6 12. e4 e5 13. dxe5 Nxe5 14. Nxe5 Bxe5 15. Qxc4 Be6 16. Qc2 Rad8 17. Nc3 Qb4 18. Rxd8 Rxd8 19. Bd2 Bb3 20. Qc1 Qd6 21. Be3 Ng4 22. Bb6 Bd4 23. Bxd4 Qxd4 24. Qe1 Qd2 25. h3 Ne5 26. f4 Nc4 27. e5 Ne3 28. Be4 Nd1 29. Qxd2 Rxd2 30. Ra3 Nxc3 31. bxc3 Rd1+ 32. Kf2 Bc4 33. Bf3 Rb1 34. Ke3 Rb3 35. Ra1 Rxc3+ 36. Kf2 Bb3 37. Bd1 Kf8 38. Ra3 Bxd1 39. Rxc3 Bxa4 40. Ke3 Ke7 41. f5 b6 42. g4 c5 43. g5 Bd7 44. Kf4 g6 45. f6+ Ke8 46. Rd3 c4 47. Rd6 c3 48. Rxb6 Kd8 49. Ke3 Bf5 50. Ra6 Bxh3 51. Ra8+ Kd7 52. Kd3 Ke6 53. Rxa5 Kf5 54. Ra7 Kxg5 55. Rxf7 Kh6 56. Re7 g5 57. Kxc3 g4 58. Rg7 1-0

[Event "Leamington Spa 4NCL op 26th"]
[Site "Leamington Spa"]
[Date "2021.09.12"]
[Round "4"]
[White "Sandhu, Manvith"]
[Black "De Coverly, Roger D"]
[Result "1-0"]
[WhiteElo "1790"]
[BlackElo "1954"]
[PlyCount "67"]
[EventDate "2021.09.10"]
[EventType "swiss"]
[EventRounds "5"]
[EventCountry "ENG"]
[SourceTitle "CBM 204 Extra"]
[Source "ChessBase"]
[SourceDate "2021.11.30"]
[SourceVersion "1"]
[SourceVersionDate "2021.11.30"]
[SourceQuality "1"]

1. e4 e5 2. Nf3 Nc6 3. Bb5 a6 4. Ba4 Nf6 5. d3 b5 6. Bb3 Be7 7. 0-0 0-0 8. c3 d6 9. h3 Na5 10. Bc2 Bb7 11. Re1 c5 12. Nbd2 Qc7 13. Nf1 Rfe8 14. Ng3 h6 15. Nf5 Bf8 16. a4 b4 17. g4 d5 18. g5 hxg5 19. Bxg5 Nh7 20. Kh1 bxc3 21. bxc3 c4 22. Rg1 cxd3 23. Nxg7 Bxg7 24. Bh6 dxc2 25. Qxc2 Qd7 26. Kh2 Nf8 27. Rxg7+ Kh8 28. Ng5 Re7 29. exd5 f6 30. Ne6 Rxg7 31. Bxg7+ Kg8 32. Bxf8 Rxf8 33. Qg6+ Kh8 34. Qh6+ 1-0